000 00702nam a2200289Ia 4500
005 20260324144625.0
008 008 260324s9999 xx 000 0 eng d
020 _a9780203037621
037 _aEBOOK
040 _aCRL
040 _beng
040 _cCRL
041 _2eng
041 _aeng
084 _qCRL
100 _aLyndal Roper; James Obelkevich
_91220011
245 0 _aDisciplines of Faith
245 0 _bStudies in Religion, Politics and Patriarchy
260 _bTaylor and Francis
260 _c1987
365 _a
365 _b59.99
856 _uhttp://www.taylorfrancis.com/books/9780203037621
942 _cEBOOK
999 _c1826843
_d1826843